| 000 | 00600nam a22002417a 4500 | ||
|---|---|---|---|
| 003 | OSt | ||
| 005 | 20180116183003.0 | ||
| 008 | 150803b xxu||||| |||| 00| 0 eng d | ||
| 020 | _a9781446270585 | ||
| 022 | _a9781446270585 | ||
| 040 | _c0 | ||
| 050 | _a658.3 | ||
| 082 | _a658.3 | ||
| 100 | _aWilkinson,Adrian | ||
| 245 |
_aThe Sage Handbook of Human Resource Management. _cAdrian Wilkinson. |
||
| 250 | _a1st. | ||
| 260 |
_aNew Delhi _bSAGE. _c2013 |
||
| 300 | _a592p. | ||
| 500 | _aPaper Cover | ||
| 600 | _aWilkinson,Adrian | ||
| 700 | _aWilkinson,Adrian | ||
| 942 |
_2ddc _cBK _k658.3 |
||
| 999 |
_c349955 _d349955 |
||